000 00771nam a2200217Ia 4500
001 7316
003 GE_BSU
008 181216s||||||||xx |||||||||||||| ||und||
040 _cGE_BSU
080 _a94(479.22)+929.52(479.22)
100 _aსურმანიძე, რამაზ
245 _aავალის შთამომავალნი.
245 _bავალიან–ავალიშვილთა გვარის ისტორია.
245 _cრედ.: თემურ ავალიანი.
260 _aთბილისი.
260 _bშპს კვარი.
260 _c2011.
300 _a404 გვ. ილ.21 სმ.
653 _aავალის შთამომავალნი.
942 _cBK
999 _c40681
_d40681